Impact of packaging on consumers preference in buying universal robina corporation products in Binangonan, Rizal calendar year 2016-2017 (Record no. 13869)

MARC details
000 -LEADER
fixed length control field 00526nam a22001457i 4500
003 - CONTROL NUMBER IDENTIFIER
control field URS
005 - DATE AND TIME OF LATEST TRANSACTION
control field 20220114171450.0
008 - FIXED-LENGTH DATA ELEMENTS--GENERAL INFORMATION
fixed length control field 190304b xxu||||| |||| 00| 0 eng d
100 #1 - MAIN ENTRY--PERSONAL NAME
Personal name Yvonne P. Dapanas, Princess Shane B. Dar, Trixia Ann B. Ramirez
245 #1 - TITLE STATEMENT
Title Impact of packaging on consumers preference in buying universal robina corporation products in Binangonan, Rizal calendar year 2016-2017
336 ## - CONTENT TYPE
Content type term text
Content type code txt
Source rdacontent
337 ## - MEDIA TYPE
Media type term unmediated
Media type code n
Source rdamedia
338 ## - CARRIER TYPE
Carrier type term volume
Carrier type code nc
Source rdacarrier
942 ## - ADDED ENTRY ELEMENTS (KOHA)
Source of classification or shelving scheme Library of Congress Classification
Koha item type Theses and dissertations
Holdings
Withdrawn status Source of classification or shelving scheme Damaged status Not for loan Home library Current library Shelving location Date acquired Total Checkouts Barcode Date last seen Price effective from Koha item type
  Library of Congress Classification     Binangonan College Library Binangonan College Library Undergraduate Theses 06/07/2023   URSBIN-UGT1643 03/04/2019 03/04/2019 Theses and dissertations

University of Rizal System
Email us at univlibservices@urs.edu.ph

Visit our Website www.urs.edu.ph/library